[Event "7th Batavia Blitz 2015"]
[Site "Amsterdam NED"]
[Date "2015.02.19"]
[Round "1.1"]
[White "Soors, Stef"]
[Black "Ootes, Lars"]
[Result "1-0"]
[WhiteTitle "IM"]
[WhiteElo "2407"]
[BlackElo "2366"]
[WhiteFideId "209511"]
[BlackFideId "1019708"]
[EventDate "2015.02.19"]

1. e4 d6 2. d4 Nf6 3. Nc3 g6 4. Be3 c6 5. h3 Nbd7 6. Nf3 Qc7 7. a4 Bg7 8. a5 O-O
9. Nd2 e5 10. d5 cxd5 11. exd5 Ne8 12. Be2 f5 13. f3 Ndf6 14. O-O Nh5 15. Re1
Nf4 16. Bf1 Qe7 17. Bxf4 g5 18. Be3 h5 19. Ra4 g4 20. fxg4 hxg4 21. hxg4 f4 22.
Bxf4 Bd7 23. Rb4 Nf6 24. g5 Ng4 25. Nf3 b6 26. a6 b5 27. Bc1 Qd8 28. Rxg4 Bxg4
29. Ne4 Rb8 30. Bd3 Qe8 31. Kf2 Qe7 32. Rh1 Rb6 33. Rh4 Bf5 34. Be3 Rxa6 35. Qh1
Ra4 36. Nf6+ Bxf6 37. gxf6 Qxf6 38. Rxa4 bxa4 39. Bxf5 Qxf5 40. Ke2 Qxc2+ 41.
Nd2 Qg6 42. Qh3 Rb8 43. g4 Rxb2 44. g5 Rc2 45. Qd7 Qh5+ 46. Kd3 Qg6+ 47. Ke2 a3
48. Qd8+ Kg7 49. Qe7+ Qf7 50. Qxd6 Qf5 51. Qe7+ Kg6 52. Qxa7 a2 53. Kd1 Rb2 54.
Ke2 Qg4+ 55. Kd3 Qb4 56. Qa6+ Kh5 57. Qh6+ Kg4 58. Qe6+ Kh5 59. Qh3+ Kg6 60.
Qh6+ Kf5 61. Qe6# 1-0

[Event "7th Batavia Blitz 2015"]
[Site "Amsterdam NED"]
[Date "2015.02.19"]
[Round "1.2"]
[White "Schmaltz, Roland"]
[Black "Zwirs, Nico"]
[Result "1/2-1/2"]
[WhiteTitle "GM"]
[WhiteElo "2527"]
[BlackElo "2358"]
[WhiteFideId "4614054"]
[BlackFideId "1036432"]
[EventDate "2015.02.19"]

1. e4 e5 2. Bc4 d6 3. Nf3 Nf6 4. Ng5 d5 5. exd5 h6 6. Nf3 e4 7. Nd4 Bb4 8. Nc3
O-O 9. O-O c6 10. d3 cxd5 11. Bb3 Bg4 12. Nce2 Re8 13. h3 Bh5 14. dxe4 Nxe4 15.
c3 Bc5 16. Be3 Nc6 17. Re1 Na5 18. Qc1 Nxb3 19. axb3 a6 20. Nf4 Bg6 21. Nxg6
fxg6 22. b4 Bd6 23. Qd1 Bc7 24. Nf3 Qd6 25. Qd3 Rad8 26. Rad1 Rf8 27. Kf1 Nf6
28. Bc5 Qf4 29. Bxf8 Rxf8 30. Qd4 Qf5 31. Qc5 Bb8 32. Re7 Kh7 33. Rxb7 Re8 34.
Re7 Rc8 35. Qe3 Bd6 36. Re6 Bf4 37. Qe2 Ne4 38. Nd4 Qg5 39. Qg4 Qxg4 40. hxg4
Ra8 41. g3 Bg5 42. Kg2 a5 43. b5 Rb8 44. f4 Bf6 45. b6 Bd8 46. Nc6 Rxb6 47. Nxd8
Rxb2+ 48. Kf3 Nxc3 49. Rd3 Rc2 50. Rc6 d4 51. f5 gxf5 52. gxf5 a4 53. f6 gxf6
54. Rc7+ Kg6 55. Rxd4 a3 56. Rdc4 a2 57. Ra7 Rc1 58. Ne6 Rf1+ 59. Kg2 a1=Q 60.
Rxa1 Rxa1 61. Rxc3 Ra6 62. Nf4+ Kf5 63. Rc5+ Ke4 64. Rh5 Ra2+ 65. Kh3 Kf3 66.
Rxh6 f5 67. Kh4 Rh2+ 68. Kg5 Rxh6 69. Kxh6 Kxg3 1/2-1/2

[Event "7th Batavia Blitz 2015"]
[Site "Amsterdam NED"]
[Date "2015.02.19"]
[Round "1.3"]
[White "Kevlishvili, Robby"]
[Black "Gormally, Daniel W"]
[Result "1/2-1/2"]
[WhiteTitle "FM"]
[BlackTitle "GM"]
[WhiteElo "2347"]
[BlackElo "2489"]
[WhiteFideId "1040634"]
[BlackFideId "406465"]
[EventDate "2015.02.19"]

1. e4 c5 2. Nf3 d6 3. d4 cxd4 4. Nxd4 Nf6 5. Nc3 a6 6. Be3 e5 7. Nb3 Be6 8. h3
Nbd7 9. g4 Rc8 10. Qd2 Rxc3 11. Qxc3 Nxe4 12. Qd3 d5 13. Bg2 Nec5 14. Nxc5 Nxc5
15. Bxc5 Bxc5 16. O-O-O e4 17. Qd2 Qb6 18. Rhf1 O-O 19. Kb1 Rc8 20. f3 Be3 21.
Qe2 Bd4 22. c3 Bxc3 23. fxe4 d4 24. Qf2 h6 25. e5 Bc4 26. Rg1 Be6 27. Be4 Bb4
28. Rgf1 Qa5 29. b3 Bc3 30. Qc2 Qxe5 31. Bh7+ Kh8 32. Bf5 Re8 33. Bxe6 Qxe6 34.
Qd3 g6 35. h4 Kg7 36. h5 g5 37. Rf2 Qe4 38. Kc2 Qxd3+ 39. Rxd3 Re4 40. Rdf3 Re7
41. Kd3 b5 42. Re2 Rc7 43. Re5 Ba1 44. Ref5 Rc3+ 45. Ke4 Rc7 46. Rf6 d3 47. Rxa6
d2 48. Rd3 Bc3 49. Rad6 b4 50. R6d5 Re7+ 51. Kf3 Re1 52. Rd7 1/2-1/2

[Event "7th Batavia Blitz 2015"]
[Site "Amsterdam NED"]
[Date "2015.02.19"]
[Round "1.4"]
[White "Van Foreest, Jorden"]
[Black "Lai, Hing Ting"]
[Result "0-1"]
[WhiteTitle "IM"]
[WhiteElo "2494"]
[BlackElo "2308"]
[WhiteFideId "1039784"]
[BlackFideId "1038257"]
[EventDate "2015.02.19"]

1. e4 c6 2. d4 d5 3. Nc3 g6 4. Nf3 Bg7 5. h3 Nh6 6. Bd3 O-O 7. O-O f6 8. Bf4 Nf7
9. Bh2 e5 10. Re1 dxe4 11. Nxe4 f5 12. dxe5 fxe4 13. Bxe4 Be6 14. Qe2 Nd7 15.
Nd4 Qe7 16. f4 Nb6 17. b3 Bd5 18. Bd3 c5 19. Nf3 Rad8 20. Nd2 Bc6 21. Rad1 Nd5
22. Ne4 Nh6 23. Bc4 Kh8 24. Rf1 Nf5 25. Rf3 Nd4 26. Rxd4 cxd4 27. Qd2 Nc3 28.
Ng5 Bxf3 29. Nxf3 Qc5 30. Kh1 Ne4 31. Qe1 d3 32. Qxe4 d2 33. Nxd2 Rxd2 34. Qe1
Rfd8 35. Bg1 Rd1 36. Bxc5 Rxe1+ 37. Kh2 g5 38. g3 0-1

[Event "7th Batavia Blitz 2015"]
[Site "Amsterdam NED"]
[Date "2015.02.19"]
[Round "1.5"]
[White "Goudriaan, Etienne"]
[Black "Reinderman, Dimitri"]
[Result "1-0"]
[WhiteTitle "IM"]
[BlackTitle "GM"]
[WhiteElo "2349"]
[BlackElo "2586"]
[WhiteFideId "1021150"]
[BlackFideId "1001302"]
[EventDate "2015.02.19"]

1. b3 d5 2. Bb2 Bg4 3. d3 Nd7 4. Nd2 e5 5. h3 Bh5 6. g4 Bg6 7. Bg2 c6 8. e3 h5
9. a3 hxg4 10. Qxg4 Ngf6 11. Qe2 Bd6 12. Ngf3 Qe7 13. e4 Nh5 14. Qf1 Nf4 15. h4
Nf6 16. Ng5 O-O-O 17. Bf3 Kb8 18. Kd1 Bc7 19. Kc1 Rh6 20. Rh2 dxe4 21. Ndxe4 Nd7
22. Kb1 Rdh8 23. Qh1 Bf5 24. Ng3 Bg6 25. Ka2 Bb6 26. Re1 f6 27. N5e4 a5 28. a4
Qe6 29. h5 Bf7 30. d4 Ka8 31. dxe5 Nxe5 32. Ng5 fxg5 33. Rxe5 Qd7 34. Qe1 Be6
35. Rxa5+ Ba7 36. Rxa7+ Kxa7 37. Qa5+ 1-0

[Event "7th Batavia Blitz 2015"]
[Site "Amsterdam NED"]
[Date "2015.02.19"]
[Round "2.1"]
[White "Ootes, Lars"]
[Black "Reinderman, Dimitri"]
[Result "0-1"]
[BlackTitle "GM"]
[WhiteElo "2366"]
[BlackElo "2586"]
[WhiteFideId "1019708"]
[BlackFideId "1001302"]
[EventDate "2015.02.19"]

1. e4 d6 2. d4 Nf6 3. Nc3 e5 4. Nf3 Nbd7 5. Bc4 Be7 6. O-O O-O 7. Re1 a6 8. a3
b5 9. Ba2 c6 10. h3 Qc7 11. Be3 Bb7 12. dxe5 dxe5 13. Nh4 Bc5 14. Nf5 Rad8 15.
Bxc5 Nxc5 16. Qc1 Ne6 17. Re3 Kh8 18. Rg3 Nh5 19. Rg4 c5 20. Rh4 Nhf4 21. Qe3 c4
22. Re1 Rd7 23. b3 cxb3 24. Bxb3 Ng6 25. Rg4 Nd4 26. h4 Rc8 27. Nd5 Bxd5 28.
exd5 Nxf5 29. Qh3 Nh6 30. Rg3 Nf4 31. Qh2 f6 32. h5 Nxd5 33. Qh4 Rcd8 34. Qe4
Nf4 35. c3 Qb7 36. Qe3 Nf5 0-1

[Event "7th Batavia Blitz 2015"]
[Site "Amsterdam NED"]
[Date "2015.02.19"]
[Round "2.2"]
[White "Lai, Hing Ting"]
[Black "Goudriaan, Etienne"]
[Result "1-0"]
[BlackTitle "IM"]
[WhiteElo "2308"]
[BlackElo "2349"]
[WhiteFideId "1038257"]
[BlackFideId "1021150"]
[EventDate "2015.02.19"]

1. b3 e5 2. Bb2 Nc6 3. c4 Nf6 4. e3 Be7 5. Nf3 d6 6. d4 exd4 7. Nxd4 O-O 8. Be2
Re8 9. O-O Nxd4 10. Qxd4 Bf8 11. Nc3 Bd7 12. Rad1 Bc6 13. f3 Qe7 14. e4 Qe5 15.
Qd2 Qc5+ 16. Kh1 Qh5 17. h3 Qh4 18. Qe1 Qf4 19. Bc1 Qe5 20. Kg1 Nh5 21. Nd5 Rac8
22. f4 Qxe4 23. Bxh5 Bxd5 24. cxd5 Qc2 25. Qf2 Qc3 26. Bb2 Qa5 27. Bd4 g6 28.
Bg4 f5 29. Bf3 Re7 30. Bf6 Rf7 31. Ba1 Re8 32. Rfe1 Rfe7 33. Re6 Rxe6 34. dxe6
c6 35. Qd4 Rxe6 36. Qh8+ Kf7 37. Qxh7+ Ke8 38. Qxb7 d5 39. Be5 Qc5+ 40. Kh2 Bd6
41. Qc8+ Kf7 42. Qd7+ Re7 43. Qxd6 1-0

[Event "7th Batavia Blitz 2015"]
[Site "Amsterdam NED"]
[Date "2015.02.19"]
[Round "2.3"]
[White "Gormally, Daniel W"]
[Black "Van Foreest, Jorden"]
[Result "1-0"]
[WhiteTitle "GM"]
[BlackTitle "IM"]
[WhiteElo "2489"]
[BlackElo "2494"]
[WhiteFideId "406465"]
[BlackFideId "1039784"]
[EventDate "2015.02.19"]

1. d4 d5 2. c4 c6 3. Nf3 Nf6 4. Nc3 dxc4 5. e4 b5 6. e5 Nd5 7. a4 e6 8. Ng5 Bb4
9. Qh5 g6 10. Qf3 O-O 11. Qh3 h5 12. Bd2 f6 13. Nge4 f5 14. Qg3 Ne7 15. Nd6 c5
16. dxc5 Nbc6 17. axb5 Nd4 18. Bxc4 Nc2+ 19. Ke2 Nxa1 20. Rxa1 Bxc5 21. Bg5 f4
22. Qh4 Qc7 23. Bd3 Bxd6 24. exd6 f3+ 25. gxf3 Qxd6 26. Bxe7 Qe5+ 27. Qe4 Rf5
28. Qxe5 Rxe5+ 29. Kf1 Kf7 30. Bd6 Rg5 31. Be4 Bb7 32. Bxb7 Rd8 33. Bg3 Rc5 34.
Bc6 Rd2 35. Ne4 1-0

[Event "7th Batavia Blitz 2015"]
[Site "Amsterdam NED"]
[Date "2015.02.19"]
[Round "2.4"]
[White "Zwirs, Nico"]
[Black "Kevlishvili, Robby"]
[Result "1-0"]
[BlackTitle "FM"]
[WhiteElo "2358"]
[BlackElo "2347"]
[WhiteFideId "1036432"]
[BlackFideId "1040634"]
[EventDate "2015.02.19"]

1. Nf3 d5 2. c4 c6 3. e3 Nf6 4. Nc3 e6 5. b3 Nbd7 6. Be2 Be7 7. O-O O-O 8. d4 b6
9. Bb2 Bb7 10. Rc1 Rc8 11. Qc2 c5 12. cxd5 Nxd5 13. Nxd5 Bxd5 14. Ba6 Rb8 15. e4
Ba8 16. Rfd1 Nf6 17. dxc5 Qe8 18. c6 Bc5 19. Bxf6 gxf6 20. c7 Rc8 21. Bxc8 Qxc8
22. b4 Be7 23. a3 Bb7 24. Qd3 Re8 25. Qd7 Kf8 26. Qd3 Kg8 27. h3 Kf8 28. Qe3 Kg8
29. Qf4 e5 30. Qg4+ Qxg4 31. hxg4 Kf8 32. Nh4 Rc8 33. f3 Ke8 34. Nf5 Bf8 35. Kf2
a5 36. Nd6+ Bxd6 37. Rxd6 axb4 38. axb4 Ke7 39. Rd8 Rxd8 40. cxd8=B+ Kxd8 41.
Rh1 Bc6 42. Rxh7 Be8 43. Ke3 Ke7 44. Rh1 Kd6 45. Rc1 Bd7 46. g3 Be6 47. Kd3 b5
48. Rc5 Bd7 49. Rd5+ Kc6 50. Ke3 Be6 51. Rc5+ Kb6 52. Kf2 Bd7 53. Kg2 Be6 54.
Kh3 Bc4 55. f4 exf4 56. gxf4 Be6 57. Kh4 Ka6 58. g5 fxg5+ 59. Kxg5 Kb6 60. Kf6
Bc4 61. f5 Kb7 62. e5 Kb6 63. e6 1-0

[Event "7th Batavia Blitz 2015"]
[Site "Amsterdam NED"]
[Date "2015.02.19"]
[Round "2.5"]
[White "Soors, Stef"]
[Black "Schmaltz, Roland"]
[Result "1-0"]
[WhiteTitle "IM"]
[BlackTitle "GM"]
[WhiteElo "2407"]
[BlackElo "2527"]
[WhiteFideId "209511"]
[BlackFideId "4614054"]
[EventDate "2015.02.19"]

1. e4 d6 2. d4 Nf6 3. Nc3 Nbd7 4. Nf3 e5 5. Bc4 Be7 6. O-O O-O 7. a4 c6 8. Re1
b6 9. Bg5 a6 10. d5 cxd5 11. Bxd5 Rb8 12. Bxf6 Nxf6 13. Qd3 Qc7 14. Nd2 Bb7 15.
Nc4 Nxd5 16. Nxd5 Bxd5 17. Qxd5 Rfd8 18. c3 Bg5 19. g3 g6 20. h4 Bh6 21. Red1 b5
22. axb5 axb5 23. Na3 Qb6 24. Nc2 Rbc8 25. Nb4 Bf8 26. Ra6 Qc5 27. Rda1 Qc4 28.
Ra7 Qxd5 29. Nxd5 Rc4 30. f3 Bg7 31. Rb7 Rc5 32. Raa7 Rf8 33. Ra5 h6 34. Raxb5
Rc4 35. Rd7 f5 36. Rbb7 Bh8 37. Ne7+ Kf7 38. Nxf5+ Kf6 39. Rxd6# 1-0

[Event "7th Batavia Blitz 2015"]
[Site "Amsterdam NED"]
[Date "2015.02.19"]
[Round "3.1"]
[White "Schmaltz, Roland"]
[Black "Ootes, Lars"]
[Result "1-0"]
[WhiteTitle "GM"]
[WhiteElo "2527"]
[BlackElo "2366"]
[WhiteFideId "4614054"]
[BlackFideId "1019708"]
[EventDate "2015.02.19"]

1. e4 d6 2. d4 g6 3. Nc3 Bg7 4. Be3 c6 5. a4 Nf6 6. h3 O-O 7. Nf3 Qc7 8. Be2 e5
9. dxe5 dxe5 10. Bc4 Qe7 11. O-O Nbd7 12. Re1 h6 13. a5 Nh5 14. Qb1 Nf4 15. Bf1
Nf6 16. b4 N6h5 17. Bc5 Qf6 18. Bxf8 Bxf8 19. Re3 Be6 20. Kh2 g5 21. g3 Rd8 22.
gxf4 Qxf4+ 23. Kg1 g4 24. Ne2 Qf6 25. hxg4 Bxg4 26. Nh2 Be6 27. Raa3 Kh7 28. Bh3
Qg6+ 29. Bg2 Be7 30. Rg3 Nxg3 31. Rxg3 Bg5 32. Nf3 Qh5 33. Nxg5+ hxg5 34. Bf3 g4
35. Bg2 Rd2 36. Re3 Qh4 37. Ng3 Qd8 38. Rd3 Rxd3 39. cxd3 Qd4 40. Nf1 b6 41.
axb6 axb6 42. Ng3 c5 43. bxc5 bxc5 44. Bf1 c4 45. dxc4 Bxc4 46. Bxc4 Qxc4 47.
Qe1 Qd4 48. Qe2 Qd7 49. Nf5 Kg6 50. Qxg4+ 1-0

[Event "7th Batavia Blitz 2015"]
[Site "Amsterdam NED"]
[Date "2015.02.19"]
[Round "3.2"]
[White "Kevlishvili, Robby"]
[Black "Soors, Stef"]
[Result "0-1"]
[WhiteTitle "FM"]
[BlackTitle "IM"]
[WhiteElo "2347"]
[BlackElo "2407"]
[WhiteFideId "1040634"]
[BlackFideId "209511"]
[EventDate "2015.02.19"]

1. e4 c6 2. d4 d5 3. Nc3 dxe4 4. Nxe4 Bf5 5. Ng3 Bg6 6. h4 h6 7. Nf3 Nd7 8. h5
Bh7 9. Bd3 Bxd3 10. Qxd3 e6 11. Bd2 Ngf6 12. O-O-O Be7 13. Kb1 Qb6 14. Ne4 Rd8
15. Qe2 Nxe4 16. Qxe4 Nf6 17. Qe2 Qb5 18. c4 Qf5+ 19. Ka1 O-O 20. Be3 Ng4 21.
Bc1 c5 22. d5 Bf6 23. dxe6 fxe6 24. Rhe1 Kf7 25. Be3 b6 26. g3 Qxh5 27. Rxd8
Rxd8 28. Bf4 Qf5 29. a3 g5 30. Bc1 Rd3 0-1

[Event "7th Batavia Blitz 2015"]
[Site "Amsterdam NED"]
[Date "2015.02.19"]
[Round "3.3"]
[White "Van Foreest, Jorden"]
[Black "Zwirs, Nico"]
[Result "0-1"]
[WhiteTitle "IM"]
[WhiteElo "2494"]
[BlackElo "2358"]
[WhiteFideId "1039784"]
[BlackFideId "1036432"]
[EventDate "2015.02.19"]

1. e4 d5 2. exd5 Nf6 3. d4 Bg4 4. f3 Bf5 5. c4 e6 6. dxe6 Nc6 7. exf7+ Kxf7 8.
Bd3 Bb4+ 9. Nc3 Re8+ 10. Ne2 Nxd4 11. Bxf5 Nxe2 12. Qxd8 Raxd8 13. Kf2 Bc5+ 14.
Kf1 Nxc3 15. Bf4 Rd1+ 16. Rxd1 Nxd1 0-1

[Event "7th Batavia Blitz 2015"]
[Site "Amsterdam NED"]
[Date "2015.02.19"]
[Round "3.4"]
[White "Goudriaan, Etienne"]
[Black "Gormally, Daniel W"]
[Result "1/2-1/2"]
[WhiteTitle "IM"]
[BlackTitle "GM"]
[WhiteElo "2349"]
[BlackElo "2489"]
[WhiteFideId "1021150"]
[BlackFideId "406465"]
[EventDate "2015.02.19"]

1. f4 e5 2. e4 exf4 3. Nf3 Be7 4. Bc4 d5 5. Bxd5 Nf6 6. Nc3 O-O 7. O-O Nxd5 8.
Nxd5 Bd6 9. d3 c6 10. Nxf4 Nd7 11. Nh5 Ne5 12. Nxe5 Bxe5 13. c3 Qh4 14. Nf4 Bg4
15. Qe1 Qxe1 16. Rxe1 Rad8 17. d4 Bc7 18. Nd3 Rfe8 19. Bf4 Bb6 20. h3 Be6 21.
Kh2 f6 22. a4 a5 23. Nf2 Bc4 24. Nh1 g5 25. Bd2 Bc7+ 26. Kg1 Bd3 27. Nf2 Bc4 28.
Ng4 Re6 29. e5 fxe5 30. Bxg5 Rf8 31. dxe5 h5 32. Nf6+ Kg7 33. h4 Kg6 34. Rad1
Rxe5 35. Rxe5 Bxe5 36. Nd7 Re8 37. Nxe5+ Rxe5 38. Rd6+ Re6 39. Rxe6+ Bxe6 40. b4
Bb3 41. bxa5 Bxa4 42. Kf2 Kf5 43. Ke3 Kg4 44. Kd4 Bb5 45. c4 Ba6 46. Kc5 Kg3 47.
Be7 Kxg2 48. Kb4 Kf3 49. Kc5 Ke4 50. Kb4 Kd4 51. Bf6+ Kd3 52. c5 Ke4 1/2-1/2

[Event "7th Batavia Blitz 2015"]
[Site "Amsterdam NED"]
[Date "2015.02.19"]
[Round "3.5"]
[White "Reinderman, Dimitri"]
[Black "Lai, Hing Ting"]
[Result "0-1"]
[WhiteTitle "GM"]
[WhiteElo "2586"]
[BlackElo "2308"]
[WhiteFideId "1001302"]
[BlackFideId "1038257"]
[EventDate "2015.02.19"]

1. c4 e6 2. Nf3 d5 3. g3 Nf6 4. Bg2 dxc4 5. Qc2 Be7 6. O-O O-O 7. Na3 c5 8. Nxc4
Nc6 9. b3 b5 10. Nce5 Bb7 11. Nxc6 Bxc6 12. Bb2 h6 13. d3 Rc8 14. Rac1 Nd7 15.
Rfd1 Bf6 16. Qb1 Qe7 17. d4 cxd4 18. Nxd4 Bxg2 19. Kxg2 Nc5 20. Kg1 Qb7 21. Nf3
Bxb2 22. Qxb2 Ne4 23. Qd4 b4 24. Ne5 Nc3 25. Qe3 Qb5 26. Nc4 Nxd1 27. Rxd1 a5
28. Rd6 Qc5 29. Qxc5 Rxc5 30. Ra6 Rd8 31. Nxa5 Rd2 32. Nc4 Rxe2 33. Kf1 Rc2 34.
Ne3 Rc1+ 35. Ke2 Rb1 36. Ra4 Rb2+ 37. Kf3 g5 38. h3 Kg7 39. g4 Rc1 40. Rxb4 Rxa2
41. Rb7 Rc3 42. b4 Rb3 43. Kg3 Rbb2 44. Nc4 Rxf2 45. Nd6 Rf4 46. b5 Ra3+ 47. Kg2
Ra2+ 48. Kg3 Rd2 49. Ne8+ Kg6 50. b6 e5 51. h4 e4 52. h5+ Kh7 0-1

[Event "7th Batavia Blitz 2015"]
[Site "Amsterdam NED"]
[Date "2015.02.19"]
[Round "4.1"]
[White "Ootes, Lars"]
[Black "Lai, Hing Ting"]
[Result "1/2-1/2"]
[WhiteElo "2366"]
[BlackElo "2308"]
[WhiteFideId "1019708"]
[BlackFideId "1038257"]
[EventDate "2015.02.19"]

1. e4 c6 2. d4 d5 3. exd5 cxd5 4. c4 Nf6 5. Nc3 e6 6. Nf3 Be7 7. cxd5 Nxd5 8.
Bc4 O-O 9. O-O Nc6 10. a3 h6 11. Re1 Bf6 12. Ne4 b6 13. Ba2 Bb7 14. Qd3 Nce7 15.
Nxf6+ Nxf6 16. Ne5 Nf5 17. Nxf7 Rxf7 18. Bxe6 Nxd4 19. Bxf7+ Kxf7 20. Rd1 Qd5
21. f3 Rd8 22. Bf4 Ne6 23. Qxd5 Nxd5 24. Bd2 Re8 25. Rac1 Nd4 26. Rc4 Nf5 27.
Kf2 Kg8 28. Re1 Rd8 29. Bc1 Nf6 30. Rc7 Rd7 31. Rxd7 Nxd7 32. g4 Nd4 33. f4 Nc5
34. Re7 Bc6 35. Be3 Ne4+ 36. Ke1 Nc2+ 37. Ke2 Bb5+ 38. Kf3 Nf6 39. Rxa7 Bc6+ 40.
Ke2 Nxg4 41. Bd2 Bb5+ 42. Kd1 Nd4 43. Ra8+ Kh7 44. Rb8 Be2+ 45. Kc1 b5 46. Bc3
Nc6 47. Rb6 Ne7 48. Rb7 Nf5 49. b3 Nxh2 50. a4 bxa4 51. bxa4 Nf3 52. a5 h5 53.
Bxg7 Nxg7 54. f5 Kh6 55. f6 Ne6 56. f7 Kg7 57. Re7 Nfg5 58. Kd2 Bc4 59. Ke3 h4
60. Kf2 h3 61. Kg3 Kf8 62. Ra7 Nxf7 63. Kxh3 Ke8 64. a6 Bd5 65. Rb7 Nfd8 66. Rb8
Kd7 67. Rb2 Nc6 68. Kg4 Nc5 69. Rd2 Ke6 70. Rc2 Nxa6 71. Re2+ Kd6 72. Rd2 Nc5
73. Kh4 Ne5 74. Rd1 Ne4 75. Ra1 Ke6 76. Ra6+ Kf5 77. Ra5 Bc4 78. Ra8 Nf6 79. Ra5
Kf4 80. Ra4 Kf3 81. Ra5 Kf4 82. Ra4 Ne4 83. Kh5 Bb5 84. Ra5 Be8+ 85. Kh6 Kf5 86.
Kg7 Bh5 87. Ra1 Ng5 88. Rf1+ Bf3 89. Kf8 Ke6 90. Ke8 Ngf7 91. Kf8 Kf6 92. Rxf3+
Nxf3 1/2-1/2

[Event "7th Batavia Blitz 2015"]
[Site "Amsterdam NED"]
[Date "2015.02.19"]
[Round "4.2"]
[White "Gormally, Daniel W"]
[Black "Reinderman, Dimitri"]
[Result "0-1"]
[WhiteTitle "GM"]
[BlackTitle "GM"]
[WhiteElo "2489"]
[BlackElo "2586"]
[WhiteFideId "406465"]
[BlackFideId "1001302"]
[EventDate "2015.02.19"]

1. d4 e6 2. Nf3 f5 3. d5 exd5 4. Qxd5 d6 5. c4 Nf6 6. Qd3 g6 7. g3 Bg7 8. Bg2
O-O 9. O-O Na6 10. Nc3 Nc5 11. Qc2 c6 12. Rd1 Qe7 13. Bf4 Rd8 14. Rac1 h6 15. b4
Nce4 16. Nxe4 Nxe4 17. Nd4 d5 18. cxd5 Rxd5 19. Qc4 Kh7 20. b5 Rc5 21. Qb3 Rxc1
22. Bxc1 c5 23. Qa3 Bd7 24. Bxe4 fxe4 25. Be3 b6 26. Nc6 Qe6 27. Qb3 a6 28. Qxe6
Bxe6 29. Rd6 Bxa2 30. bxa6 Rxa6 31. Kg2 Bc4 32. Rd7 Bxe2 33. Bf4 h5 34. Ne5 Kg8
35. Rd8+ Kh7 36. Rd7 Ra1 37. h3 c4 38. Bg5 Bf3+ 39. Nxf3 exf3+ 40. Kxf3 Ra3+ 41.
Ke4 Kg8 42. Rd8+ Kf7 43. Rd7+ Kf8 44. Rd8+ Kf7 45. Rd7+ Kg8 46. Rd8+ Kh7 47. Rd7
Ra8 48. Bf6 Rg8 49. Kd4 b5 50. Kc5 Kh6 51. Be7 c3 52. Kxb5 Rc8 53. Ba3 c2 54.
Bc1+ g5 55. Rd6+ Kh7 56. Bxg5 c1=Q 57. Bxc1 Rxc1 58. Rd3 Rc7 59. Rd5 Kg6 60. g4
hxg4 61. hxg4 Rf7 62. Rd6+ Kg5 63. Rd5+ Kxg4 64. Rd2 Kf3 65. Rc2 Bd4 66. Kc4
Bxf2 67. Kd3 Rd7+ 68. Kc4 Be3 69. Rc3 Ke4 70. Kb5 Bd4 71. Rc8 Kd5 72. Rb8 Be5
73. Rb6 Rc7 74. Rb8 Rc5+ 0-1

[Event "7th Batavia Blitz 2015"]
[Site "Amsterdam NED"]
[Date "2015.02.19"]
[Round "4.3"]
[White "Zwirs, Nico"]
[Black "Goudriaan, Etienne"]
[Result "1-0"]
[BlackTitle "IM"]
[WhiteElo "2358"]
[BlackElo "2349"]
[WhiteFideId "1036432"]
[BlackFideId "1021150"]
[EventDate "2015.02.19"]

1. b3 d5 2. Bb2 Nc6 3. e3 e5 4. Bb5 Bd6 5. Nf3 f6 6. d4 e4 7. Nfd2 f5 8. c4 a6
9. Bxc6+ bxc6 10. Ba3 Nf6 11. Bxd6 cxd6 12. Nc3 dxc4 13. Nxc4 O-O 14. Rc1 Nd5
15. Qd2 f4 16. Nxe4 fxe3 17. fxe3 Qh4+ 18. Nf2 a5 19. O-O Ba6 20. Nd3 Qe4 21.
Ndb2 Qe6 22. Rce1 Nf6 23. Rf4 Ne4 24. Qc2 Rxf4 25. exf4 d5 26. Ne5 c5 27. dxc5
Rc8 28. Na4 Qf5 29. Qd1 Rd8 30. Nc6 Rd7 31. Nb6 Qxf4 32. Rxe4 Qxe4 33. Nxd7 d4
34. Nxd4 Qe3+ 35. Kh1 a4 36. bxa4 Bd3 37. Nf3 Be2 38. Qe1 Qd3 39. Nde5 Qa6 40.
c6 h5 41. h3 g5 42. Qg3 g4 43. hxg4 Bxf3 44. gxh5+ Kf8 45. Qxf3+ Ke7 46. Qf7+ 1-0

[Event "7th Batavia Blitz 2015"]
[Site "Amsterdam NED"]
[Date "2015.02.19"]
[Round "4.4"]
[White "Soors, Stef"]
[Black "Van Foreest, Jorden"]
[Result "0-1"]
[WhiteTitle "IM"]
[BlackTitle "IM"]
[WhiteElo "2407"]
[BlackElo "2494"]
[WhiteFideId "209511"]
[BlackFideId "1039784"]
[EventDate "2015.02.19"]

1. e4 c5 2. c3 e6 3. Nf3 Nf6 4. e5 Nd5 5. d4 cxd4 6. cxd4 d6 7. Bc4 Nc6 8. O-O
Be7 9. Qe2 O-O 10. Nc3 Nxc3 11. bxc3 dxe5 12. dxe5 Qa5 13. Bd2 Bd7 14. Rab1 Rab8
15. Bb3 Rfd8 16. Qe4 Be8 17. Rfe1 Rd7 18. Rbc1 Rbd8 19. Bg5 h6 20. Be3 Bf8 21.
h4 Ne7 22. h5 Rc7 23. Nd4 Rxc3 24. Rxc3 Qxc3 25. Rc1 Qb2 26. Rb1 Qc3 27. Bc2 g6
28. Rxb7 Qe1+ 29. Kh2 Nf5 30. hxg6 Rxd4 31. Bxd4 Qxe4 32. Bxe4 Nxd4 33. gxf7+
Bxf7 34. Rxa7 Bc5 35. Ra8+ Kg7 36. a4 Ne2 37. Bf3 Nc3 38. Kg3 Bd4 39. Kf4 Bxf2
40. a5 Nb5 41. Rb8 Na7 42. Rb7 Kf8 43. Be4 Bd4 44. Rd7 Bg1 45. Rc7 Bh2+ 46. Kf3
Bg1 47. Ke2 Bh5+ 48. Kf1 Bd4 49. Bf3 Be8 50. Bg4 Nb5 51. Rc8 Ke7 52. Rb8 Nc7 53.
Be2 Bxe5 54. a6 Bc6 55. a7 Bd4 56. Rc8 Kd6 57. Bf3 Bb5+ 58. Ke1 Bxa7 59. Rh8 Be3
60. Rh7 Nd5 61. Be2 Bc6 62. Bf3 Bg5 63. Kf2 Nf6 64. Bxc6 Nxh7 65. Be4 Nf6 66.
Kf3 0-1

[Event "7th Batavia Blitz 2015"]
[Site "Amsterdam NED"]
[Date "2015.02.19"]
[Round "4.5"]
[White "Schmaltz, Roland"]
[Black "Kevlishvili, Robby"]
[Result "0-1"]
[WhiteTitle "GM"]
[BlackTitle "FM"]
[WhiteElo "2527"]
[BlackElo "2347"]
[WhiteFideId "4614054"]
[BlackFideId "1040634"]
[EventDate "2015.02.19"]

1. e4 c5 2. Nf3 d6 3. d4 cxd4 4. Nxd4 Nf6 5. Nc3 a6 6. f4 e5 7. Nf3 Nbd7 8. Bd3
Be7 9. O-O exf4 10. Kh1 O-O 11. Bxf4 Qc7 12. Qd2 b5 13. Rae1 Ne5 14. Nd4 Be6 15.
a3 Rac8 16. Bg5 Qd8 17. Nf5 Bxf5 18. Rxf5 Ned7 19. Be3 Ne5 20. Bd4 Nc6 21. Be3
Ne5 22. Ref1 Qd7 23. Bd4 Qe6 24. h3 Rfd8 25. Qf2 Nfd7 26. Nd5 f6 27. Qg3 Kh8 28.
c3 Nc5 29. Bc2 Rf8 30. Qh4 Ng6 31. Qg3 Ne5 32. R5f2 Nc4 33. Re2 Nxb2 34. Qh4 g6
35. Nxe7 Qxe7 36. Bxf6+ Rxf6 37. Qxf6+ Qxf6 38. Rxf6 Nc4 39. Rf7 Kg8 40. Ra7 Re8
41. Rf2 Rf8 42. Rxf8+ Kxf8 43. Rxh7 Nxa3 44. Bd1 Nc4 45. Ra7 a5 46. h4 a4 47.
Bc2 Ne3 48. Bb1 Nd1 49. Ba2 0-1